000 00296nam a22001337a 4500
008 170615b xxu||||| |||| 00| 0 eng d
020 _a9780813338057
041 _aeng
080 _a32
100 _a19
101 _aSHP
245 _aBUILDING THE RUSSIAN STATE
_c SPERLING,V
942 _2udc
_cBK
999 _c17479
_d17479